000 00323nam a2200145Ia 4500
008 230718s9999 xx 000 0 und d
041 _aEng.
082 _a823
_bMIC-S
100 _aMichael grant
245 0 _aSelected paliical
260 _aPakistan
_bMichael Grac
_c369
300 _a335
650 _aLaw
999 _c26157
_d26157